| 000 | 00654nam a2200181Ia 4500 | ||
|---|---|---|---|
| 008 | 090630s9999 xx 000 0 und d | ||
| 082 | _b22815 | ||
| 100 | _aटिकेकर सुजाता भानू. | ||
| 245 |
_aहास्य धमाका. _cटिकेकर सुजाता भानू. |
||
| 260 |
_bसंयम - पुणे. _c2002 |
||
| 300 | _a64 | ||
| 600 | _aटिकेकर सुजाता भानू. | ||
| 630 | _aहास्य धमाका. | ||
| 655 | _aइतर. | ||
| 700 | _aटिकेकर सुजाता भानू. | ||
| 730 | _aहास्य धमाका. | ||
| 942 | _cBOOK | ||
| 999 |
_c274671 _d274671 |
||